000 00521nam a2200193 i 4500
001 bg
100 1 _aGirifalco, Louis A.
245 0 _aStatistical Physics of Materials /
_cL. A. Girifalco.
260 _aNew York :
_bJohn Wiley,
_c[1973].
300 _as. XIV, nlb. 2, 346 :
_btab., rys.
504 _a[Zawiera bibliogr. s. 337-339].
020 _a0471302309
040 _cBPK
041 _apol
080 _a531:538.9:669
920 _a0-471-30230-9
942 _cKS
008 s pl f |000 0 pol
999 _c27370
_d27370
856 _uhttp://koha.tu.koszalin.pl/cgi-bin/koha/opac-detail.pl?biblionumber=27370
_yKatalog online BPK